თამბაქო და გვიანი შუა საუკუნეების ოსმალური თიხის ჩიბუხები / (ბიბ.ჩანაწერი № 58170)
[ მარტივი ფორმატი ]
| 000 -ლიდერი | |
|---|---|
| ფიქსირებული სიგრძის საკონტროლო ველი | 02091nam a22002777a 4500 |
| 003 - საკონტროლო ნომრის იდენტიფიკატორი | |
| საკონტროლო ველი | Ge_BSU |
| 005 - ბოლო ოპერაციის თარიღი და დრო | |
| საკონტროლო ველი | 20210722121803.0 |
| 008 - ფიქსირებული სიგრძის მონაცემთა ელემენტები - ზოგადი ინფორმაცია | |
| ფიქსირებული სიგრძის საკონტროლო ველი | 210722s2020 ge ||||| |||| 00| 0 geo d |
| 020 ## - წიგნის საერთაშორისო სტანდარტული ნომერი | |
| International Standard Book Number | 9789941488115 |
| 041 ## - ენის კოდი | |
| Language code of text/sound track or separate title | geo |
| 080 ## - უნივერსალური ათობითი კლასიფიკაციის ინდექსი | |
| Universal Decimal Classification number | 903.2(560)+674.55(560) თ-15 |
| 100 ## - მთავარი ჩანაწერი - პიროვნების სახელი | |
| Personal name | თავამაიშვილი, გიორგი |
| 9 (RLIN) | 2289 |
| 245 ## - ცნობა სათაურის შესახებ | |
| Title | თამბაქო და გვიანი შუა საუკუნეების ოსმალური თიხის ჩიბუხები / |
| Statement of responsibility, etc | გიორგი თავამაიშვილი; რედ. ნინო ინაიშვილი; ბათუმის შოთა რუსთაველის სახელმწიფო უნივერსიტეტი. ნიკო ბერძენიშვილის ინსტიტუტი. |
| 264 ## - წარმოების, გამოცემის, დისტრიბუციის და სხვა ცნობები | |
| გამოცემის, წარმოების, დისტრიბუციის... ადგილი | ბათუმი : |
| გამოცემის, წარმოების, დისტრიბუციის... სახელწოდება | ბსუ, |
| გამოცემის, წარმოების, დისტრიბუციის... თარიღი | 2020. |
| 300 ## - ფიზიკური აღწერა | |
| Extent | 293 გვ. |
| Other physical details | სურ.,ილ. |
| Dimensions | 24 სმ. |
| 490 ## - სერიის ცნობა | |
| Series statement | სამხრეთ-დასავლეთ საქართველოს არქეოლოგიური ძეგლები |
| Volume number/sequential designation | 23 |
| 500 ## - ზოგადი შენიშვნა | |
| General note | ნაშრიმი ეძღვნება იას |
| 501 ## - შენიშვნა თანმხლებ მასალაზე | |
| With note | ბოლოსიტყვაობა ავტორისაგან ინგლ. ენ. |
| 504 ## - BIBLIOGRAPHY, ETC. NOTE | |
| Bibliography, etc | ბიბლიოგრ. გვ. 245-280 სურ. და ილ. აღწერილობა გვ. 241-244 |
| 653 ## - INDEX TERM--UNCONTROLLED | |
| Uncontrolled term | არქეოლოგია |
| 653 ## - INDEX TERM--UNCONTROLLED | |
| Uncontrolled term | თამბაქოს მოსაწევი თიხის ჩიბუხები |
| 653 ## - INDEX TERM--UNCONTROLLED | |
| Uncontrolled term | თამბაქოს ისტორია, კულტურა, გამოყენება, გავრცელება |
| 700 ## - ADDED ENTRY--PERSONAL NAME | |
| Personal name | ინაიშვილი, ნინო |
| Relator term | რედაქტორი |
| 9 (RLIN) | 2290 |
| 710 ## - ADDED ENTRY--CORPORATE NAME | |
| Corporate name or jurisdiction name as entry element | ბათუმის შოთა რუსთაველის სახელმწიფო უნივერსიტეტი. |
| Subordinate unit | ნიკო ბერძენიშვილის ინსტიტუტი |
| 9 (RLIN) | 12305 |
| 942 ## - ADDED ENTRY ELEMENTS (KOHA) | |
| Source of classification or shelving scheme | |
| Koha item type | წიგნი |
| ჩამოწერის სტატუსი | დაკარგული ეგზემპლარის სტატუსი | კლასიფიკაციის წყარო ან თაროზე გაწყობის სქემა | დაზიანების სტატუსი | არ გაიცემა | მუდმივი მდებარეობა (დაცვის ადგილი) | ამჟამინდელი ადგილსამყოფელი | თაროზე განთავსების ადგილი | შეძენის თარიღი | ღირებულება, შესყიდვის ნორმალური ფასი | სრული შენახვის შიფრი | შტრიხკოდი | ბოლო ოპერაციის თარიღი | ეგზემპლარის მიმდევრობითი ნომერი (კეტერი?) | ფასის ძალაში შესვლის თარიღი | ეგზემპლარის სახეობა | საჯარო შენიშვნა |
|---|---|---|---|---|---|---|---|---|---|---|---|---|---|---|---|---|
| ბათუმის შოთა რუსთაველის სახელმწიფო უნივერსიტეტის მთავარი ბიბლიოთეკა | ბათუმის შოთა რუსთაველის სახელმწიფო უნივერსიტეტის მთავარი ბიბლიოთეკა | წიგნსაცავი | 2021-07-22 | 64.00 | 903.2(560)+674.55(560) თ-15 | 61482 | 2021-07-22 | 61482 | 2021-07-22 | წიგნი | 64 ლ. | |||||
| ბათუმის შოთა რუსთაველის სახელმწიფო უნივერსიტეტის მთავარი ბიბლიოთეკა | ბათუმის შოთა რუსთაველის სახელმწიფო უნივერსიტეტის მთავარი ბიბლიოთეკა | წიგნსაცავი | 2021-07-22 | 64.00 | 903.2(560)+674.55(560) თ-15 | 61486 | 2021-07-22 | 61486 | 2021-07-22 | წიგნი | 64 ლ. | |||||
| ბათუმის შოთა რუსთაველის სახელმწიფო უნივერსიტეტის მთავარი ბიბლიოთეკა | ბათუმის შოთა რუსთაველის სახელმწიფო უნივერსიტეტის მთავარი ბიბლიოთეკა | წიგნსაცავი | 2021-07-22 | 64.00 | 903.2(560)+674.55(560) თ-15 | 61483 | 2021-07-22 | 61483 | 2021-07-22 | წიგნი | 64 ლ. | |||||
| ბათუმის შოთა რუსთაველის სახელმწიფო უნივერსიტეტის მთავარი ბიბლიოთეკა | ბათუმის შოთა რუსთაველის სახელმწიფო უნივერსიტეტის მთავარი ბიბლიოთეკა | წიგნსაცავი | 2021-07-22 | 64.00 | 903.2(560)+674.55(560) თ-15 | 61484 | 2021-07-22 | 61484 | 2021-07-22 | წიგნი | 64 ლ. | |||||
| ბათუმის შოთა რუსთაველის სახელმწიფო უნივერსიტეტის მთავარი ბიბლიოთეკა | ბათუმის შოთა რუსთაველის სახელმწიფო უნივერსიტეტის მთავარი ბიბლიოთეკა | წიგნსაცავი | 2021-07-22 | 64.00 | 903.2(560)+674.55(560) თ-15 | 61485 | 2021-07-22 | 61485 | 2021-07-22 | წიგნი | 64 ლ. |
